Official Midwest States - Statistics

General Stats
  • This quiz has been taken 8 times
  • The average score is 11 of 12
Answer Stats
Answer % Correct
Illinois
100%
Indiana
100%
Iowa
100%
Michigan
100%
Minnesota
100%
North Dakota
100%
Ohio
100%
South Dakota
100%
Wisconsin
100%
Kansas
88%
Missouri
88%
Nebraska
38%
No matching quizzes found
Score Distribution
Percent of People with Each Score
Percentile by Number Answered
Your Score History
You have not taken this quiz